00729nam a2200229 a 4500001001300000003000900013005001700022008004100039020001000080082002000090100002400110245006100134260004800195300000900243500003500252650003500287700002400322902000800346942000700354952012100361999001700482nice12345678IN_TiNIC20260116014223.0070327s2004 dela grp 000 0 eng  ac20000a324.245408bKHA aKhan, Shaukat Ullah aSaffronisation of Educationb Instruments and Strategies aDelhibInstitute of Objective Studiesc2004 a153p aincludes index and biblioraphy aReligious Fundamentalism-Hindu1 aKhan, Shaukat Ullah bSRS cBK 001040708StackRoom-aHMIbHMId2008-12-19g200.00l0o324.245408 KHAp021760r2008-12-19v200.00w2007-03-27yBK c14384d14384